| 000 | 00856cam a22002897a 4500 | ||
|---|---|---|---|
| 003 | CHAP | ||
| 005 | 20220817040844.0 | ||
| 008 | 971013s r 00010 d | ||
| 010 | _a1544 | ||
| 011 | _a2516 | ||
| 035 | _a1710 | ||
| 040 | _cCHAP | ||
| 090 | _aFolleto 12616 | ||
| 110 |
_aMéxico. Subsecretaría de Ecología _977249 |
||
| 245 | 1 | 3 | _aEl hombre y la ecología frente al proceso de desarrollo |
| 260 |
_aMéxico, D. F. : _bLa Subsecretaría, _c[198?] |
||
| 300 | _a[45] p. | ||
| 500 | _aD42-65 | ||
| 590 |
_aBATCH-UPD _b10 _c20130110 _lUCH01 _h1909 |
||
| 590 |
_aBATCH-UPD _b10 _c20130410 _lUCH01 _h1236 |
||
| 590 |
_aBATCH-UPD _b10 _c20130914 _lUCH01 _h1248 |
||
| 590 |
_aCONVERSION _b10 _c20130109 _lUCH01 _h1302 |
||
| 650 | 1 | 4 | _aEcología humana. |
| 901 | _aBK | ||
| 942 | _cFOLL | ||
| 949 |
_aFolleto 12616 _bBC _cFOLL _d-11201 _eTS1 _i1710 _si |
||
| 999 |
_c1544 _d1544 |
||